Billboard Hot 100 Year-End Singles Of 2010 - Statistics

General Stats
  • This quiz has been taken 1,658 times
  • The average score is 56 of 100
Answer Stats
# Song Artist % Correct
17 Teenage Dream Katy Perry
98%
4 California Gurls Katy Perry featuring Snoop Dogg
98%
1 Tik Tok Kesha
98%
28 Your Love Is My Drug Kesha
98%
59 Take It Off Kesha
98%
51 Blah Blah Blah Kesha featuring 3OH!3
98%
8 Bad Romance Lady Gaga
98%
33 Alejandro Lady Gaga
98%
64 Paparazzi Lady Gaga
98%
16 Telephone Lady Gaga featuring Beyonce
98%
15 Rude Boy Rihanna
94%
47 Only Girl (In The World) Rihanna
94%
49 Hard Rihanna featuring Jeezy
94%
18 Just The Way You Are Bruno Mars
91%
24 Not Afraid Eminem
90%
7 Love The Way You Lie Eminem featuring Rihanna
90%
20 Imma Be The Black Eyed Peas
89%
29 I Gotta Feeling The Black Eyed Peas
89%
58 Meet Me Halfway The Black Eyed Peas
89%
75 Rock That Body The Black Eyed Peas
89%
67 Party In The U.S.A. Miley Cyrus
88%
21 Empire State Of Mind Jay-Z & Alicia Keys
82%
50 Young Forever Jay-Z & Mr Hudson
82%
3 Hey, Soul Sister Train
81%
83 There Goes My Baby Usher
81%
22 DJ Got Us Fallin' In Love Usher featuring Pitbull
81%
82 Hey Daddy (Daddy's Home) Usher featuring Plies
81%
5 OMG Usher featuring will.i.am
81%
46 Mine Taylor Swift
80%
57 You Belong With Me Taylor Swift
80%
84 Today Was A Fairytale Taylor Swift
80%
44 Baby Justin Bieber featuring Ludacris
79%
11 Nothin' On You B.o.B. featuring Bruno Mars
76%
6 Airplanes B.o.B. featuring Hayley Williams
76%
63 Magic B.o.B. featuring Rivers Cuomo
76%
9 Dynamite Taio Cruz
75%
10 Break Your Heart Taio Cruz featuring Ludacris
75%
14 In My Head Jason Derulo
71%
34 Ridin' Solo Jason Derulo
71%
43 Whatcha Say Jason Derulo
71%
30 Fireflies Owl City
70%
62 Misery Maroon 5
64%
26 Sexy Bitch David Guetta featuring Akon
58%
92 If I Die Young The Band Perry
58%
40 Club Can't Handle Me Flo Rida featuring David Guetta
57%
86 Sweet Dreams Beyonce
56%
2 Need You Now Lady Antebellum
55%
94 American Honey Lady Antebellum
55%
87 Use Somebody Kings Of Leon
53%
41 Down Jay Sean featuring Lil Wayne
52%
53 Do You Remember Jay Sean featuring Sean Paul & Lil Jon
52%
78 Un-Thinkable (I'm Ready) Alicia Keys
51%
99 Try Sleeping With A Broken Heart Alicia Keys
51%
69 3 Britney Spears
51%
19 Cooler Than Me Mike Posner
51%
37 Like A G6 Far East Movement featuring Cataracs & Dev
50%
35 Just A Dream Nelly
48%
39 Haven't Met You Yet Michael Buble
46%
32 Find Your Love Drake
43%
60 Over Drake
43%
71 Forever Drake featuring Kanye West, Lil Wayne & Eminem
43%
89 Eenie Meenie Sean Kingston featuring Justin Bieber
41%
27 Breakeven The Script
41%
25 Replay Iyaz
40%
74 Already Gone Kelly Clarkson
39%
68 Deuces Chris Brown featuring Tyga & Kevin McCall
38%
54 All The Right Moves OneRepublic
38%
76 Secrets OneRepublic
38%
45 Whataya Want From Me Adam Lambert
37%
66 Your Love Nicki Minaj
37%
93 The Only Exception Paramore
37%
77 Naturally Selena Gomez & The Scene
37%
12 I Like It Enrique Iglesias featuring Pitbull
35%
42 Bulletproof La Roux
35%
90 Right Above It Lil Wayne featuring Drake
35%
36 How Low Ludacris
35%
56 My Chick Bad Ludacris featuring Nicki Minaj
35%
23 Billionaire Travie McCoy featuring Bruno Mars
33%
73 My First Kiss 3OH!3 featuring Kesha
30%
79 All I Do Is Win DJ Khaled featuring T-Pain, Ludacris, Snoop Dogg & Rick Ross
30%
91 The House That Built Me Miranda Lambert
27%
31 Say Aah Trey Songz featuring Fabolous
26%
52 Bottoms Up Trey Songz featuring Nicki Minaj
26%
13 BedRock Young Money featuring Lloyd
26%
61 Animal Neon Trees
24%
85 Say Something Timbaland featuring Drake
21%
38 Carry Out Timbaland featuring Justin Timberlake
21%
88 Undo It Carrie Underwood
19%
81 Stuck Like Glue Sugarland
17%
48 Live Like We're Dying Kris Allen
16%
70 Impossible Shontelle
16%
95 King Of Anything Sara Bareilles
14%
72 Two Is Better Than One Boys Like Girls featuring Taylor Swift
13%
98 Teach Me How To Dougie Cali Swag District
12%
55 According To You Orianthi
12%
80 I Made It (Cash Money Heroes) Kevin Rudolf featuring Birdman, Jay Sean & Lil Wayne
9%
97 Smile Uncle Kracker
9%
96 Life After You Daughtry
8%
65 Tie Me Down New Boys featuring Ray J
8%
100 Lover, Lover Jerrod Niemann
5%
No matching quizzes found
Score Distribution
Percent of People with Each Score
Percentile by Number Answered
Your Score History
You have not taken this quiz